000 00504nam a2200181Ia 4500
003 IN-BaIIA
008 211028s9999 xx 000 0 eng d
040 _cIIA Library
080 _a524.834
_bNEV
100 _aNevanlinna, Rolf
_96275
245 0 _aSpace time and relativity
_cRolf Nevanlinna
260 _aLondon
_bAddison-Wesley
_c1968
300 _axii, 158p.
650 _aNASA Thesaurus
650 _aRelativity
650 _aSpace time
_94080
942 _cBK
999 _c3546
_d3546